| 000 | 01174nam a22002897a 4500 | ||
|---|---|---|---|
| 005 | 20240530110344.0 | ||
| 008 | 141130s2012 le gr 001 0 ara d | ||
| 020 | _a9789953825236 | ||
| 040 | _aEG-CaGPL | ||
| 041 | _aara | ||
| 082 | 0 | 4 |
_221 _a305.42\ _bإ ن |
| 245 | 2 |
_aالنسوية العربية : _bرؤية نقدية / _cاصلاح جاد ... [ واخ .] ؛ اعداد وتحرير جين سعيد المقدسى ، رفيق رضا صيداوى ، نهى بيومى |
|
| 250 | _aط1 | ||
| 260 |
_aبيروت : _bمركز دراسات الوحدة العربية ، _c2012 |
||
| 300 |
_a511 ص ؛ _c24 سم |
||
| 650 | 0 | 4 | _aحقوق المرأة |
| 650 | 0 | 4 | _aالمرأة العربية |
| 650 | 0 | 4 |
_aالمرأة العربية _xاحوال اجتماعية |
| 650 | 0 | 4 | _aالمرأة العربية فى الاسلام |
| 650 | 0 | 4 | _aالهندسة الاجتماعية |
| 650 | 0 | 4 | _aالجندرية |
| 700 | 0 |
_aاصلاح جاد _eمؤلف |
|
| 700 | 0 |
_aحسن عبود _eمؤلف |
|
| 700 | 0 |
_aفوزية عبدالله ابو خالد _eمؤلف |
|
| 942 |
_2ddc _cBK |
||
| 999 |
_c59943 _d59943 |
||